| 000 | 01118namaa2200313 cb4500 | ||
|---|---|---|---|
| 001 | BV005305351 | ||
| 003 | DE-70 | ||
| 005 | 20251120114302.0 | ||
| 007 | tu | ||
| 007 | 7 | ||
| 008 | 920527s1980 a||| |||| 00||| und d | ||
| 020 |
_a9783839474983 _9978-3-8394-7498-3 |
||
| 024 |
_a9783839474983 _a978-3-8394-7498-3 |
||
| 040 | _cRU-10907106 | ||
| 041 | _ager | ||
| 100 |
_aJahn, Sarah Jadwiga (Hrsg.); Weiß, Sabrina (Hrsg.) _4aut _967636 |
||
| 245 |
_aReligiöse Minderheiten - religiöse Mehrheiten _bZuschreibungspraktiken in pluralen Gesellschaft _cSarah Jadwiga Jahn, Sabrina Weiß (Hg.) |
||
| 264 |
_aBielefeld _btranscript _c2025 |
||
| 300 | _a265 Seiten | ||
| 336 |
_2rdacontent _btxt _aText |
||
| 337 |
_2rdamedia _bbc _aComputermedien |
||
| 338 |
_2rdacarrier _bcr _aOnline Ressource |
||
| 490 |
_aReligionswissenschaft _v45 |
||
| 500 | _aE-Book / Open Access | ||
| 506 | _afrei zugänglich / Bitte beachten Sie die Lizenzbestimmungen im Dokument | ||
| 655 | _aOpen Access | ||
| 856 |
_zfrei zugänglich _uhttps://www.transcript-verlag.de/media/pdf/7f/1d/5c/oa9783839474983.pdf |
||
| 942 |
_cEB _2z |
||
| 999 |
_c73208 _d73208 |
||